| 000 | 00666nam a2200205Ii 4500 | ||
|---|---|---|---|
| 003 | JO-AjNU | ||
| 008 | 230605s9999||||xx |||||||||||||| ||und|| | ||
| 040 |
_aJO-AjNU _bara _erda _cJO-AjNU |
||
| 041 | _aara | ||
| 050 | 1 | 4 | _aQP475.S22 1993 |
| 100 | 3 |
_aسبع العيش ، سرى, _eauthor _97607 |
|
| 245 | 0 | 0 | _aمفارقات بين عين الانسان وعيون الحيوانات |
| 250 | _aط1 | ||
| 264 | 3 | 1 | _aعمان:وزارة الثقافة ، 1993 |
| 300 | _a62ص | ||
| 336 |
_atext _btxt _2rdacontent |
||
| 337 |
_aunmediated _bn _2rdamedia |
||
| 338 |
_avolume _bnc _2rdacarrier |
||
| 650 | 4 |
_aالعين-فزيولوجيا-العين-تشريح _97608 |
|
| 999 |
_aA366 _c3934 _d3934 |
||